Správa o stave malého a stredného podnikania v Slovenskej republike v roku 2018
Gespeichert in:
| Format: | Buch |
|---|---|
| Sprache: | Slowakisch |
| Veröffentlicht: |
Bratislava
Slovak Business Agency
2019
|
| Schlagworte: | |
| Tags: |
Keine Tags, Fügen Sie das erste Tag hinzu!
|
MARC
| LEADER | 00000nam a2200000 4500 | ||
|---|---|---|---|
| 001 | 0262529 | ||
| 005 | 20240318125905.0 | ||
| 041 | 0 | |a slo | |
| 044 | |a SK | ||
| 245 | 1 | 0 | |a Správa o stave malého a stredného podnikania v Slovenskej republike v roku 2018 |
| 264 | 1 | |a Bratislava |b Slovak Business Agency |c 2019 | |
| 300 | |a 145 s. | ||
| 610 | 2 | 0 | |a podnikanie malé |
| 610 | 2 | 0 | |a podnikanie stredné |
| 610 | 2 | 0 | |a podpora podnikania |
| 610 | 2 | 0 | |a prostredie ekonomické |
| 610 | 2 | 0 | |a makroekonomika |
| 610 | 2 | 0 | |a ukazovatele kvantitatívne |
| 610 | 2 | 0 | |a financie |
| 610 | 2 | 0 | |a inštitúcie finančné |
| 610 | 2 | 0 | |a inštitúcie verejnoprávne |
| 610 | 2 | 0 | |a legislatíva |
| 610 | 2 | 0 | |a zaťaženie pracovné |
| 610 | 2 | 0 | |a analýzy |
| 610 | 2 | 0 | |a prieskum |
| 610 | 2 | 0 | |a Slovensko |